La humanización de la sanidad : (Record no. 193536)
[ view plain ]
| 000 -LEADER | |
|---|---|
| campo de control de longitud fija | 02555nam a2200277 i 4500 |
| 001 - NÚMERO DE CONTROL | |
| campo de control | 193536 |
| 003 - IDENTIFICADOR DE NÚMERO DE CONTROL | |
| campo de control | ES-MaACL |
| 005 - FECHA Y HORA DE LA ÚLTIMA TRANSACCIÓN | |
| campo de control | 20260321063014.0 |
| 008 - DATOS DE LONGITUD FIJA--INFORMACIÓN GENERAL | |
| campo de control de longitud fija | 240104s2023 sp ||||| |||| 00| 0 spa d |
| 020 ## - NÚMERO INTERNACIONAL ESTÁNDAR DEL LIBRO | |
| Número Internacional Estándar del Libro | 9788412627862 |
| 040 ## - FUENTE DE CATALOGACIÓN | |
| Centro/agencia transcriptor | ES-MaACL |
| 245 13 - MENCIÓN DEL TÍTULO | |
| Título | La humanización de la sanidad : |
| Resto del título | a través de la historia, Edad Media / |
| Mención de responsabilidad, etc. | Francisco Javier Puerto Sarmiento (coordinador científico) ; Alba Cecilia, Amparo ... [et al.] |
| 260 ## - PUBLICACIÓN, DISTRIBUCIÓN, ETC. | |
| Lugar de publicación, distribución, etc. | [Jaén] : |
| Nombre del editor, distribuidor, etc. | El Ojo de Poe, |
| Fecha de publicación, distribución, etc. | 2023. |
| 300 ## - DESCRIPCIÓN FÍSICA | |
| Extensión | 286 páginas ; |
| Dimensiones | 21 cm. |
| 520 ## - RESUMEN, ETC. | |
| Sumario, etc. | Todos, siempre, pedimos una sanidad con rostro cada día más humano; una atención sanitaria eficaz, próxima, amable y compasiva; más cuando abarca a toda la población y su enorme capacidad técnica la hace aparecer como extraordinariamente fiable, aunque a veces fría y distante.<br/><br/>Para afrontar ese deseo de manera clara y racional, hemos de enmarcarlo en el tiempo, en la Historia y en el desarrollo de la ciencia, pues siempre deseamos ver desplegarse juntas la utilidad y la cercanía humana.<br/><br/>La humanización es también el proceso cumplido mediante el aprendizaje incesante a lo largo de la vida humana lo cual, trasladado a la Humanidad, equivale al desarrollo de la Historia de la sanidad y de la ciencia.<br/><br/>La Fundación de Ciencias de la Salud, en un nuevo proyecto: “La humanización de la sanidad a través de la Historia: Edad Media”, quiere abordar este tema desde la Historia general, la Historia de la Ciencia y la Historia de la Medicina y la atención sanitaria para, como en ocasiones anteriores, dar lugar a una videoteca de intervenciones breves y una colección de textos algo más largos, todos ellos de excelencia, que puedan servir de inspiración y ayuda a los sanitarios, los profesores de esas materias y al público en general. |
| 530 ## - NOTA DISPONIBLE DE FORMULARIO FÍSICO ADICIONAL | |
| Nota de formato físico adicional disponible | Versión digital |
| 650 #7 - PUNTO DE ACCESO ADICIONAL DE MATERIA--TÉRMINO DE MATERIA | |
| 9 (RLIN) | 136851 |
| Término de materia o nombre geográfico como elemento de entrada | Sanidad |
| 852 ## - LOCALIZACIÓN | |
| Ubicación | ES-MaACL |
| Sublocalización o colección | R.154873 |
| Ubicación en estantería | Depósito J |
| Donativo/Legado | Donación: Editorial |
| Encuadernación | Encuadernación rústica con solapas |
| Número de control de estantería | N-9721 |
| itemnumber | 201308 |
| 856 4# - LOCALIZACIÓN Y ACCESO ELECTRÓNICOS | |
| Identificador Uniforme de Recursos | <a href="https://fcs.es/images/publicaciones/ebook/La_humanizacion_de_la_sanidad_edad_media.pdf">https://fcs.es/images/publicaciones/ebook/La_humanizacion_de_la_sanidad_edad_media.pdf</a> |
| Texto de enlace | Acceso a texto completo |
| 942 ## - ELEMENTOS DE ENTRADA SECUNDARIOS (KOHA) | |
| Suprimir en OPAC | No |
| Tipo de ítem Koha | Libro impreso |
| Estatus retirado | Estado de pérdida | Fuente del sistema de clasificación o colocación | Estado de daño | No para préstamo | Biblioteca de origen | Biblioteca actual | Ubicación en estantería | Fecha de adquisición | Fuente de adquisición | Total de préstamos | Signatura topográfica completa | Código de barras | Visto por última vez | Precio de reemplazo | Tipo de ítem Koha |
|---|---|---|---|---|---|---|---|---|---|---|---|---|---|---|---|
| Clasificación decimal universal | Biblioteca del Ateneo de Madrid | Biblioteca del Ateneo de Madrid | Depósito J | 27/11/2023 | Donación | N-9721 | 101206707 | 12/02/2024 | 12/02/2024 | Libro impreso |
